Responses for show #2189 - Thursday, February 24, 1994

1994 Teen Tournament final game 1.

Contestants

[<< previous game]

Peter Steffen, a senior from New Hampton, Iowa

Paul Loeffler, a senior from Los Banos, California

Matt Morris, a senior from Louisville, Kentucky

[next game >>]

Jeopardy! Round responses

THE BIBLE
THE OSCARS
19th CENTURY FASHION
NATURE
AMERICANA
"UP"s & "DOWN"s
    $100 6
Cain

Matt
    $100 5
Hook

Peter
    $100 18
the neck

Matt
    $100 12
the leaves

Paul
    $100 11
Kit Carson

Paul
    $100 19
Down Under

Matt
    $200 8
carpentry

Matt
    $200 4
Beauty and the Beast

Peter
    $200 27
stovepipe

Triple Stumper
    $200 14
pollination

Matt
    $200 13
Jim Henson

Paul
    $200 20
a hoedown

Peter
    $300 7
mounts

Paul
    $300 1
Kevin Costner

Matt
    $300 28
(Levi) Strauss

Paul
    $600 24
(Paul: What is petroleum?)

coal

Paul
    $300 15
Pasadena

Peter
    $300 21
a hand-me-down

Peter
    $400 9
Jacob

Matt
    $400 2
Home Alone

Matt
    $400 29
(Paul: What is a [*]?)
(Alex: No. Well, we're getting... I'll ask you to be more specific on that.)
(Paul: A hoop [*]?)
(Peter: What is a girdle?)[Laughter]
(Alex: Five-foot wide girdle would be most impressive, indeed.)
[Paul's response was ruled incorrect and the decision was reversed after the break along with wiping out Peter's incorrect response.]

skirts (*a dress)

Paul
    $400 25
the mallard

Peter
    $400 16
Battle Creek

Paul
    $400 22
(Matt: What is a tepee?)

wickiup

Matt
Triple Stumper
    $500 10
Ecclesiastes

Peter
    $500 3
Ghost

Matt
    $500 30
boots

Triple Stumper
    $500 26
the beetle

Matt
    $500 17
Maine

Peter
    $500 23
Upstairs, Downstairs

Paul

Scores at the first commercial break (after clue 15):

Matt Paul Peter
$2,100 $700 $1,100

Scores at the end of the Jeopardy! Round:

Matt Paul Peter
$2,400 $1,700 $2,500

Double Jeopardy! Round responses

HAIL TO THE CHIEF
COMPUTERS
CHILDREN'S LITERATURE
NEWSPAPERS & MAGAZINES
CANADA
GENERAL KNOWLEDGE
    $200 6
Rutherford B. Hayes

Paul
    $200 25
a mouse

Matt
    $200 30
little boys

Paul
    $200 21
an extra

Matt
    $200 1
maple syrup

Paul
    $200 13
Mount Rushmore

Peter
    $400 5
James Madison

Paul
    $400 26
pixels

Matt
    $400 17
(Paul: What is five?)

nine

MattPaul
    $400 20
Miami

Paul
    $400 2
the Mounties

Matt
    $400 14
the Ides

Matt
    $600 3
Woodrow Wilson

Paul
    $600 27
CD-ROM

Triple Stumper
    $600 12
Cinderella

Paul
    $600 22
TV Guide

Paul
    $600 4
Vancouver

Matt
    $600 11
the bombing of Pearl Harbor

Matt
    $800 7
William Howard Taft

Peter
    $800 28
a hard disk

Triple Stumper
    $2,000 15
(Matt: Who is Mary, Mary, Quite Contrary?)

Thumbelina

Matt
    $800 23
Cosmopolitan

Peter
    $800 9
Alberta

Matt
    $800 18
(Matt: Who is Lenin?)

(Joseph) Stalin

MattPaul
    $2,000 8
(Alex: The bachelor president.)

James Buchanan

Peter
    $1000 29
the motherboard

Peter
    $1000 16
the Little Prince

Matt
    $1000 24
the New York Times

Triple Stumper
    $1000 10
Prince Edward Island

Matt
    $1000 19
Charlemagne

Paul

Scores at the end of the Double Jeopardy! Round:

Matt Paul Peter
$5,600 $6,300 $7,300

Final Jeopardy! Round responses

FAMOUS WOMEN
MattWho is Buto?
$2,000
PaulWho is Kim Campbell?
$3,700
PeterWho is Benazir Bhutto?
$2,700
Corazon Aquino

Final scores:

Matt Paul Peter
$3,600 $2,600 $4,600

Game dynamics:

Coryat scores:

Matt Paul Peter
$7,600 $6,900 $6,300
21 R,
3 W
(including 1 DD)
18 R,
2 W
(including 1 DD)
13 R
(including 1 DD),
0 W

Combined Coryat: $20,800

The J! Archive is created by fans, for fans. Scraping, republication, monetization, and malicious use prohibited; this site may use cookies and collect identifying information. See terms. The Jeopardy! game show and all elements thereof, including but not limited to copyright and trademark thereto, are the property of Jeopardy Productions, Inc. and are protected under law. This website is not affiliated with, sponsored by, or operated by Jeopardy Productions, Inc. Join the discussion at JBoard.tv.